01093nam a2200241 i 4500001000300000245032500003260004100328300004200369490005100411504002400462650002300486650003700509655002900546700004600575830005100621040000800672041000700680080000800687080000800695080000900703008004100712856009800753bg70aEnvironmental impact of hazardous wastes :bproceedings of the international conference, 9-11 September 1991, Rydzyna, Poland /ced. by Edward S. Kempa ; the Hazardous Waste Working Group of the International Solid Wastes and Public Cleansing Association and the Polish Association of Sanitary Engineers and Technicians. aWarszawa ; Poznań :bPZITS,c1991. a351 s. :bmapy, rys., wykr. ;c24 cm.1 aInternational Solid Waste Proffesional Library aBibliogr. przy ref. 9aOdpadyxgospodarka 9aŚrodowisko człowiekaxhigiena aMateriały konferencyjne1 aKempa, Edward Stanisławd(1927- ).eRed. aInternational Solid Waste Proffesional Library cBPK0 aen a628 a502 a(06) s pl f |000 0 pol  uhttp://koha.tu.koszalin.pl/cgi-bin/koha/opac-detail.pl?biblionumber=49746yKatalog online BPK